Poems of Progress (Record no. 232557)
[ view plain ]
| 000 -LEADER | |
|---|---|
| fixed length control field | 01862cam a22002413a 4500 |
| 001 - CONTROL NUMBER | |
| control field | 3228 |
| 003 - CONTROL NUMBER IDENTIFIER | |
| control field | PGUSA |
| 005 - DATE AND TIME OF LATEST TRANSACTION | |
| control field | 20140828083029.0 |
| 008 - FIXED-LENGTH DATA ELEMENTS--GENERAL INFORMATION | |
| fixed length control field | 020501s2002||||xxu|||||s|||||000 p eng d |
| 040 ## - CATALOGING SOURCE | |
| Original cataloging agency | PGUSA |
| Language of cataloging | eng |
| 042 ## - AUTHENTICATION CODE | |
| Authentication code | dc |
| 050 #4 - LIBRARY OF CONGRESS CALL NUMBER | |
| Classification number | PS |
| 100 1# - MAIN ENTRY--PERSONAL NAME | |
| Personal name | Wilcox, Ella Wheeler, |
| Dates associated with a name | 1850-1919 |
| 245 10 - TITLE STATEMENT | |
| Title | Poems of Progress |
| Medium | [electronic resource] / |
| Statement of responsibility, etc | Ella Wheeler Wilcox |
| 260 ## - PUBLICATION, DISTRIBUTION, ETC. (IMPRINT) | |
| Name of publisher, distributor, etc | Project Gutenberg, |
| Date of publication, distribution, etc | 2002 |
| 505 0# - FORMATTED CONTENTS NOTE | |
| Formatted contents note | Preface -- The land between -- Love's mirage -- The need of the world -- The Gulf Stream -- Remembered -- Helen of Troy -- Lais when young -- Lais when old -- Existence -- Holiday songs -- Astrolabius -- Completion -- Sleep's treachery -- Art versus Cupid -- The revolt of Vashti -- The choosing of Esther -- Honeymoon scene -- The cost -- The voice -- God's answer -- The edict of the sex -- The world-child -- The heights -- On seeing 'The house of Julia' at Herculaneum -- A prayer -- What is right living? -- Justice -- Time's gaze -- The worker and the work -- Art thou alive? -- To-day -- The ladder -- Who is a Christian? -- The goal -- The spur -- Awakened! -- Shadows -- The new commandment -- Summer dreams -- The breaking of chains -- December -- 'The way' -- The leader to be -- The greater love -- Thank God for life -- Time enough -- New Year's Day -- Life is a privilege -- In an old art gallery -- True brotherhood -- The decadent -- Lord, speak again -- My heaven -- Life -- God's kin -- Conquest -- The statue -- Sirius -- At Fontainebleau -- The masquerade -- Sympathy -- Intermediary -- Life's car -- Opportunity -- The age of motored things -- New year -- Disarmament -- The call -- A little song. |
| 506 ## - RESTRICTIONS ON ACCESS NOTE | |
| Terms governing access | Public domain in the USA. |
| 516 ## - TYPE OF COMPUTER FILE OR DATA NOTE | |
| Type of computer file or data note | Electronic text |
| 653 ## - INDEX TERM--UNCONTROLLED | |
| Uncontrolled term | American poetry |
| 830 #0 - SERIES ADDED ENTRY--UNIFORM TITLE | |
| Uniform title | Project Gutenberg |
| Volume number/sequential designation | 3228 |
| 856 40 - ELECTRONIC LOCATION AND ACCESS | |
| Uniform Resource Identifier | <a href="http://www.gutenberg.org/ebooks/3228">http://www.gutenberg.org/ebooks/3228</a> |
| 942 ## - ADDED ENTRY ELEMENTS (KOHA) | |
| Koha item type | eBooks |
| Withdrawn status | Lost status | Damaged status | Home library | Current library | Date acquired | Total Checkouts | Date last seen | Price effective from | Koha item type |
|---|---|---|---|---|---|---|---|---|---|
| Project Gutenberg | Project Gutenberg | 08/28/2014 | 08/28/2014 | 08/28/2014 | eBooks |